[Event "Chigorin Memorial 2018"]
[Site "St. Petersburg"]
[Date "2018.10.30"]
[Round "4"]
[White "Afanasiev, Nikita"]
[Black "Ivanisevic, Ivan"]
[Result "1/2-1/2"]
[WhiteElo "2487"]
[BlackElo "2583"]
[Annotator "TA"]
[PlyCount "139"]
[EventDate "2018.10.27"]
[EventType "swiss"]
[EventCountry "RUS"]
[SourceTitle "playchess.com"]
[Source "ChessBase"]
[SourceQuality "1"]

1. e4 c6 2. d4 d5 3. Nc3 dxe4 4. Nxe4 Nf6 5. Nxf6+ exf6 6. c3 Bd6 7. Bd3 O-O 8. Ne2 Re8 9. O-O Nd7 10. Bf4 Nf8 11. Bxd6 Qxd6 12. Ng3 b6 13. Qf3 Be6 14. Rfe1 Rad8 15. Be4 c5 16. Bc6 Bd5 17. Bxd5 Rxe1+ 18. Rxe1 Qxd5 19. Qxd5 Rxd5 20. dxc5 bxc5 21. Nf1 Ne6 22. Ne3 Rd2 23. Nc4 Rd7 24. Kf1 h5 25. Re2 Rd1+ 26. Re1 Rd7 27. Ne3 g6 28. Rd1 Rb7 29. b3 f5 30. f3 h4 31. Nc4 Kf8 32. Rd6 Re7 33. Kf2 Nf4 34. Rd2 h3 35. g3 Ne6 36. Rd5 Kg7 37. Ne5 f4 38. Rd7 Rxd7 39. Nxd7 g5 40. gxf4 gxf4 41. Ne5 f6 42. Nc6 a6 43. Nb8 Nc7 44. Nd7 Ne6 45. Nb6 Kg6 46. Ke2 Kf5 47. Nd7 Kg6 48. a4 Kf7 49. Nb8 Nc7 50. Kd3 Ke6 51. a5 Kd5 52. Nd7 f5 53. Nb6+ Kc6 54. Nc4 Kd5 55. Nb2 Ne6 56. Ke2 Kc6 57. Nc4 Kd5 58. Kd3 Ng5 59. Nb6+ Kc6 60. Ke2 Nf7 61. Nc4 Kd5 62. Nb2 Ne5 63. Nd3 Nc6 64. Nxf4+ Kd6 65. Kd3 Ne5+ 66. Ke3 Nc6 67. Kd2 Ne5 68. Ke3 Nc6 69. Kd2 Ne5 70. Ke3 1/2-1/2

[Event "Chigorin Memorial 2018"]
[Site "St. Petersburg"]
[Date "2018.10.30"]
[Round "4.13"]
[White "Perunovic, Milos"]
[Black "Saydaliev, Saidakbar"]
[Result "1-0"]
[WhiteElo "2606"]
[BlackElo "2385"]
[Annotator "TA"]
[PlyCount "61"]
[EventDate "2018.10.27"]
[EventType "swiss"]
[EventCountry "RUS"]
[WhiteTeam "Serbien"]
[BlackTeam "Usbekistan"]
[WhiteTeamCountry "SRB"]
[BlackTeamCountry "UZB"]

1. e4 e5 2. Nf3 Nc6 3. Bb5 a6 4. Ba4 Nf6 5. O-O Be7 6. d3 b5 7. Bb3 d6 8. a3 O-O 9. Nc3 Na5 10. Ba2 Be6 11. b4 Bxa2 12. Nxa2 Nc6 13. c4 Qd7 14. Nc3 Rab8 15. Be3 Ng4 16. Nd5 Nd8 17. Rc1 c6 18. Nxe7+ Qxe7 19. Bg5 f6 20. Bd2 f5 21. exf5 Rxf5 22. h3 Nh6 23. Re1 Nhf7 24. cxb5 cxb5 25. d4 Ne6 26. d5 Nf4 27. Nd4 Qg5 28. Bxf4 Rxf4 29. Ne6 Qh6 30. Nxf4 exf4 31. Qg4 1-0

[Event "Chigorin Memorial 2018"]
[Site "St. Petersburg"]
[Date "2018.10.30"]
[Round "4.14"]
[White "Kotlyar, Kirill"]
[Black "Gareyev, Timur"]
[Result "0-1"]
[WhiteElo "2390"]
[BlackElo "2584"]
[Annotator "TA"]
[PlyCount "84"]
[EventDate "2018.10.27"]
[EventType "swiss"]
[EventCountry "RUS"]
[WhiteTeam "Russland"]
[BlackTeam "Vereinigte Staaten"]
[WhiteTeamCountry "RUS"]
[BlackTeamCountry "USA"]

1. d4 Nf6 2. c4 b6 3. Nf3 Bb7 4. g3 Bxf3 5. exf3 e6 6. Nc3 Bb4 7. Qb3 Nc6 8. Be3 O-O 9. Bg2 d5 10. O-O Bxc3 11. Qxc3 dxc4 12. Qxc4 Ne7 13. Bg5 c6 14. Bxf6 gxf6 15. f4 Qd6 16. Rfd1 Rfd8 17. Rac1 Rac8 18. Be4 c5 19. Qa4 cxd4 20. Qxa7 f5 21. Bb1 Rc5 22. Rc2 Kg7 23. Qa4 Qd5 24. Rcd2 Nc6 25. Qa6 b5 26. a3 e5 27. b4 Rc4 28. Bxf5 e4 29. Bh3 d3 30. Bg2 Nd4 31. Rxd3 Ne2+ 32. Kf1 Qxd3 33. Rxd3 exd3 34. Bf3 Nd4 35. Bh5 Rd5 36. g4 Ne2 37. Qb7 Rc1+ 38. Kg2 Nxf4+ 39. Kf3 Rxh5 40. gxh5 d2 41. h6+ Kxh6 42. Qb6+ Ne6 0-1

[Event "Chigorin Memorial 2018"]
[Site "St. Petersburg"]
[Date "2018.10.30"]
[Round "4.15"]
[White "Volkov, Sergey"]
[Black "Salemgareev, Tagir"]
[Result "1-0"]
[WhiteElo "2568"]
[BlackElo "2381"]
[Annotator "RC"]
[PlyCount "107"]
[EventDate "2018.10.27"]
[EventType "swiss"]
[EventCountry "RUS"]
[WhiteTeam "Russland"]
[BlackTeam "Russland"]
[WhiteTeamCountry "RUS"]
[BlackTeamCountry "RUS"]

1. d4 Nf6 2. c4 e6 3. Nc3 Bb4 4. e3 O-O 5. Nge2 d5 6. a3 Be7 7. cxd5 exd5 8. g3 c6 9. Bg2 Na6 10. O-O Nc7 11. Bd2 Re8 12. Rc1 Ne6 13. b4 h5 14. f3 a5 15. Qb3 g5 16. b5 c5 17. a4 Ng7 18. dxc5 Bxc5 19. Nd4 Bb4 20. f4 g4 21. Rfd1 Bxc3 22. Bxc3 Qb6 23. Ba1 Bd7 24. Bxd5 Nxd5 25. Qxd5 Rad8 26. Qc5 Qxc5 27. Rxc5 Rxe3 28. Nc2 Re6 29. Rc7 Re2 30. Bxg7 Kxg7 31. Nd4 Re7 32. Rxb7 Kh7 33. Ra7 Rde8 34. Rxa5 Re3 35. Ra7 Be6 36. Nxe6 R8xe6 37. Rxf7+ Kh6 38. Rfd7 Ra3 39. R7d6 Rxd6 40. Rxd6+ Kh7 41. Rd4 Ra1+ 42. Kf2 Ra2+ 43. Ke3 Rxh2 44. Rb4 h4 45. gxh4 Ra2 46. f5 g3 47. Rg4 g2 48. f6 Rxa4 49. Rxg2 Rb4 50. f7 Rxb5 51. f8=R Rb3+ 52. Kf2 Rb2+ 53. Kg3 Rb3+ 54. Rf3 1-0

[Event "Chigorin Memorial 2018"]
[Site "St. Petersburg"]
[Date "2018.10.30"]
[Round "4.16"]
[White "Vorobiov, Evgeny E."]
[Black "Anikonov, Dmitry"]
[Result "1-0"]
[WhiteElo "2557"]
[BlackElo "2382"]
[Annotator "TA"]
[PlyCount "55"]
[EventDate "2018.10.27"]
[EventType "swiss"]
[EventCountry "RUS"]
[WhiteTeam "Russland"]
[BlackTeam "Russland"]
[WhiteTeamCountry "RUS"]
[BlackTeamCountry "RUS"]

1. d4 d5 2. c4 e6 3. Nc3 a6 4. e3 Nf6 5. Nf3 b6 6. Bd3 Bb7 7. O-O Bd6 8. Qe2 Ne4 9. Nd2 Nxd2 10. Bxd2 dxc4 11. Bxc4 b5 12. Bd3 Nd7 13. a4 b4 14. Ne4 a5 15. Nxd6+ cxd6 16. e4 O-O 17. Rac1 Rc8 18. Be3 Qe7 19. f3 Nb8 20. Bb5 Rfd8 21. Rfd1 Qf8 22. Bf4 d5 23. Bc7 dxe4 24. fxe4 Nc6 25. Bxd8 Nxd4 26. Rxc8 Nxe2+ 27. Bxe2 Bxc8 28. Bb6 1-0

[Event "Chigorin Memorial 2018"]
[Site "St. Petersburg"]
[Date "2018.10.30"]
[Round "4.17"]
[White "Bocharov, Dmitry"]
[Black "Saveliev, Alexei"]
[Result "1/2-1/2"]
[WhiteElo "2557"]
[BlackElo "2365"]
[Annotator "TA"]
[PlyCount "84"]
[EventDate "2018.10.27"]
[EventType "swiss"]
[EventCountry "RUS"]
[WhiteTeam "Russland"]
[BlackTeam "Russland"]
[WhiteTeamCountry "RUS"]
[BlackTeamCountry "RUS"]

1. d4 Nf6 2. c4 e6 3. Nf3 b6 4. g3 Ba6 5. b3 Bb4+ 6. Bd2 Be7 7. Bg2 d5 8. cxd5 exd5 9. O-O O-O 10. Nc3 Bb7 11. Qc2 Na6 12. Rfd1 h6 13. Bf4 Qc8 14. Nh4 Ne4 15. Nxe4 dxe4 16. Qc4 Bf6 17. Be5 Bxe5 18. dxe5 g5 19. Bxe4 Bxe4 20. Qxe4 gxh4 21. Qxh4 Qe6 22. Rac1 Rae8 23. Rc4 Kh7 24. Qe4+ Qg6 25. Qb7 Nc5 26. Qxc7 Ne6 27. Qxa7 b5 28. Rcc1 Ra8 29. Qe3 Rxa2 30. f3 Rfa8 31. Rd2 Ra1 32. Rdd1 R1a2 33. Rd2 Ra1 34. Rdd1 Rxc1 35. Rxc1 Ra2 36. Kf2 Kg7 37. h4 h5 38. g4 Kh7 39. Rg1 Qc2 40. Rc1 Qg6 41. Rg1 Qc2 42. Rc1 Qg6 1/2-1/2

[Event "Chigorin Memorial 2018"]
[Site "St. Petersburg"]
[Date "2018.10.30"]
[Round "4.18"]
[White "Demianjuk, Alexander"]
[Black "Tsydypov, Zhamsaran"]
[Result "1/2-1/2"]
[WhiteElo "2332"]
[BlackElo "2530"]
[Annotator "RC"]
[PlyCount "72"]
[EventDate "2018.10.27"]
[EventType "swiss"]
[EventCountry "RUS"]
[WhiteTeam "Russland"]
[BlackTeam "Russland"]
[WhiteTeamCountry "RUS"]
[BlackTeamCountry "RUS"]

1. d4 d5 2. c4 c6 3. Nf3 Nf6 4. Nc3 e6 5. Bg5 dxc4 6. e4 b5 7. e5 h6 8. Bh4 g5 9. Nxg5 hxg5 10. Bxg5 Nbd7 11. exf6 Bb7 12. g3 c5 13. d5 Bh6 14. Bxh6 Rxh6 15. Bg2 b4 16. Ne4 Nxf6 17. Nxf6+ Qxf6 18. O-O O-O-O 19. Qg4 Bxd5 20. Bxd5 Rxd5 21. Qxc4 Qf3 22. Rac1 Rxh2 23. Qxc5+ Rxc5 24. Rxc5+ Kb7 25. Kxh2 Qe2 26. Rcc1 a5 27. Rb1 f5 28. Kg2 f4 29. gxf4 Qg4+ 30. Kh1 Qxf4 31. Kg2 Qd4 32. b3 Qg4+ 33. Kh2 Qh4+ 34. Kg2 Qg4+ 35. Kh2 Qh4+ 36. Kg2 Qg4+ 1/2-1/2

[Event "Chigorin Memorial 2018"]
[Site "St. Petersburg"]
[Date "2018.10.30"]
[Round "4.19"]
[White "Burmakin, Vladimir"]
[Black "Nesterov, Arseniy"]
[Result "1/2-1/2"]
[WhiteElo "2523"]
[BlackElo "2378"]
[Annotator "TA"]
[PlyCount "67"]
[EventDate "2018.10.27"]
[EventType "swiss"]
[EventCountry "RUS"]
[WhiteTeam "Russland"]
[BlackTeam "Russland"]
[WhiteTeamCountry "RUS"]
[BlackTeamCountry "RUS"]

1. d4 d5 2. c4 c6 3. Nf3 Nf6 4. g3 Bf5 5. Nc3 e6 6. Nh4 Be4 7. Nxe4 dxe4 8. Ng2 c5 9. dxc5 Qxd1+ 10. Kxd1 Nc6 11. Be3 O-O-O+ 12. Kc2 Ng4 13. Rc1 Nxe3+ 14. Nxe3 Bxc5 15. Nd1 Nb4+ 16. Kb3 Rd2 17. Nc3 f5 18. Nb1 Rd6 19. a3 Nc6 20. e3 g5 21. Nc3 Rd2 22. Be2 Bd4 23. Rhe1 Be5 24. Na4 Rhd8 25. Ka2 Kc7 26. Kb1 Na5 27. Rc2 Nb3 28. c5 Kc6 29. h3 h6 30. Bc4 Rd1+ 31. Rxd1 Rxd1+ 32. Ka2 Nc1+ 33. Kb1 Nd3+ 34. Ka2 1/2-1/2

[Event "Chigorin Memorial 2018"]
[Site "St. Petersburg"]
[Date "2018.10.30"]
[Round "4.20"]
[White "Sorokin, Aleksey"]
[Black "Gogin, Maksim"]
[Result "1/2-1/2"]
[WhiteElo "2522"]
[BlackElo "2310"]
[Annotator "TA"]
[PlyCount "80"]
[EventDate "2018.10.27"]
[EventType "swiss"]
[EventCountry "RUS"]
[WhiteTeam "Russland"]
[BlackTeam "Russland"]
[WhiteTeamCountry "RUS"]
[BlackTeamCountry "RUS"]

1. d4 Nf6 2. c4 g6 3. Nc3 Bg7 4. e4 d6 5. Nf3 O-O 6. h3 e5 7. d5 a5 8. g4 Na6 9. Be3 b6 10. Be2 Bd7 11. Nd2 Ne8 12. h4 f5 13. gxf5 gxf5 14. exf5 Bxf5 15. Bg4 Qd7 16. Rg1 Nb4 17. Bxf5 Qxf5 18. Nde4 Nf6 19. Ng3 Qc2 20. Qd2 Ng4 21. Rg2 Rf3 22. a3 Nxe3 23. fxe3 Nd3+ 24. Ke2 Rxe3+ 25. Kxe3 Bh6+ 26. Kf3 Bxd2 27. Nge4+ Kh8 28. Rxd2 Qb3 29. Rxd3 Qxb2 30. Rg1 Qh2 31. Rg3 Rf8+ 32. Ke3 Qxh4 33. Rd1 Qh6+ 34. Kd3 Qh5 35. Ke3 Qh6+ 36. Kd3 Qh5 37. Ke3 Qh6+ 38. Kd3 Qh5 39. Ke3 Qh6+ 40. Kd3 Qh5 1/2-1/2

[Event "Chigorin Memorial 2018"]
[Site "St. Petersburg"]
[Date "2018.10.30"]
[Round "4.21"]
[White "Drygalov, Andrey"]
[Black "Borisovsky, Dmitry"]
[Result "1/2-1/2"]
[WhiteElo "2477"]
[BlackElo "2304"]
[Annotator "TA"]
[PlyCount "73"]
[EventDate "2018.10.27"]
[EventType "swiss"]
[EventCountry "RUS"]
[WhiteTeam "Russland"]
[BlackTeam "Russland"]
[WhiteTeamCountry "RUS"]
[BlackTeamCountry "RUS"]

1. e4 c5 2. Nf3 d6 3. Bb5+ Bd7 4. Bxd7+ Qxd7 5. c4 Nc6 6. Nc3 g6 7. d4 Bg7 8. Be3 cxd4 9. Nxd4 Nf6 10. f3 O-O 11. O-O Rfc8 12. b3 a6 13. a4 Qd8 14. Qd2 Nd7 15. Rab1 Nxd4 16. Bxd4 Bxd4+ 17. Qxd4 Qb6 18. Qxb6 Nxb6 19. Rfd1 Rc5 20. Rd4 Rac8 21. Re1 f6 22. f4 Kf7 23. Rd3 h6 24. Kf2 g5 25. g3 Rg8 26. e5 dxe5 27. fxe5 f5 28. e6+ Kg6 29. Ra1 a5 30. Re1 Rgc8 31. Nb5 Kf6 32. Na7 Ra8 33. Nb5 Rac8 34. Na7 Ra8 35. Nb5 Rac8 36. Na7 Ra8 37. Nb5 1/2-1/2

[Event "Chigorin Memorial 2018"]
[Site "St. Petersburg"]
[Date "2018.10.30"]
[Round "4.22"]
[White "Nigmatov, Ortik"]
[Black "Tarasov, Ilya"]
[Result "0-1"]
[WhiteElo "2456"]
[BlackElo "2211"]
[Annotator "TA"]
[PlyCount "78"]
[EventDate "2018.10.27"]
[EventType "swiss"]
[EventCountry "RUS"]
[WhiteTeam "Usbekistan"]
[BlackTeam "Russland"]
[WhiteTeamCountry "UZB"]
[BlackTeamCountry "RUS"]

1. e4 d6 2. d4 Nf6 3. Nc3 g6 4. f4 Bg7 5. Bd3 O-O 6. Nf3 Na6 7. O-O c5 8. d5 Rb8 9. Kh1 Bg4 10. h3 Bxf3 11. Rxf3 Nc7 12. a4 a6 13. a5 Nb5 14. Bd2 Rc8 15. b3 e6 16. dxe6 fxe6 17. Nxb5 axb5 18. c4 b4 19. a6 bxa6 20. Rxa6 Ra8 21. Rxa8 Qxa8 22. Be3 Qc6 23. Qc2 Nh5 24. g4 Nf6 25. Kh2 Ra8 26. Rf1 Ra3 27. f5 Qa8 28. Rf2 exf5 29. exf5 Ra1 30. Bf1 Qe4 31. Qd2 Qe5+ 32. Bf4 Ne4 33. Qe2 Qd4 34. Rf3 Be5 35. fxg6 hxg6 36. h4 Nd2 37. Bxe5 Qxe5+ 38. Kh3 Qxe2 39. Bxe2 Nxf3 0-1

[Event "Chigorin Memorial 2018"]
[Site "St. Petersburg"]
[Date "2018.10.30"]
[Round "4.23"]
[White "Oglaza, Oskar"]
[Black "Kazakovskiy, Valeriy"]
[Result "0-1"]
[WhiteElo "2310"]
[BlackElo "2405"]
[PlyCount "68"]
[EventDate "2018.10.27"]
[EventType "swiss"]
[EventCountry "RUS"]
[WhiteTeam "Polen"]
[BlackTeam "Weißrussland"]
[WhiteTeamCountry "POL"]
[BlackTeamCountry "BLR"]

1. d4 Nf6 2. c4 e6 3. Nf3 d5 4. Nc3 Bb4 5. Qb3 c5 6. Bd2 Nc6 7. e3 Na5 8. Qc2 Nxc4 9. Bxc4 dxc4 10. dxc5 Bxc5 11. Ne5 O-O 12. Nxc4 b6 13. Ne4 Nxe4 14. Qxe4 Ba6 15. Bc3 Qe7 16. Ne5 f6 17. Nc6 Qe8 18. b4 Bb7 19. bxc5 Bxc6 20. Qh4 Qg6 21. O-O-O bxc5 22. Kb2 Bd5 23. Qa4 Qxg2 24. Rhg1 Qxf2+ 25. Ka1 Qxe3 26. Qa3 Rf7 27. Rde1 Qd3 28. Rg3 Qb5 29. Reg1 e5 30. Qc1 Qe2 31. Bb2 Rb8 32. Rc3 Rfb7 33. Rc2 Qa6 34. Qb1 Be4 0-1

[Event "Chigorin Memorial 2018"]
[Site "St. Petersburg"]
[Date "2018.10.30"]
[Round "4.24"]
[White "Yeletsky, Ivan"]
[Black "Arbuzov, Mikhail"]
[Result "1-0"]
[WhiteElo "2401"]
[BlackElo "2146"]
[PlyCount "95"]
[EventDate "2018.10.27"]
[EventType "swiss"]
[EventCountry "RUS"]
[WhiteTeam "Russland"]
[BlackTeam "Russland"]
[WhiteTeamCountry "RUS"]
[BlackTeamCountry "RUS"]

1. e4 c5 2. Nf3 d6 3. d4 cxd4 4. Nxd4 Nf6 5. Nc3 g6 6. Be3 Bg7 7. f3 O-O 8. Qd2 Nc6 9. O-O-O d5 10. Nxc6 bxc6 11. Bh6 Qb6 12. Bxg7 Kxg7 13. g4 dxe4 14. g5 Nd5 15. fxe4 Nxc3 16. Qxc3+ Kg8 17. Bc4 Ba6 18. h4 Bxc4 19. Qxc4 Rab8 20. b3 Qb4 21. Qxb4 Rxb4 22. Rhe1 Rb7 23. e5 f5 24. e6 f4 25. Rf1 c5 26. Rf3 Rb6 27. Re1 h6 28. Re5 hxg5 29. hxg5 Kg7 30. Rxc5 Rxe6 31. Rc4 Re5 32. Rfxf4 Rxf4 33. Rxf4 Rxg5 34. Kd2 Rf5 35. Re4 Kf6 36. b4 a5 37. a3 axb4 38. axb4 Rb5 39. Kc3 Rb8 40. Kb3 e5 41. c4 Kf5 42. Re1 e4 43. c5 Ke5 44. Kc4 Rd8 45. c6 Rd2 46. Kc5 Kf4 47. b5 e3 48. b6 1-0

[Event "Chigorin Memorial 2018"]
[Site "St. Petersburg"]
[Date "2018.10.30"]
[Round "4.25"]
[White "Melnikov, Dmitry"]
[Black "Palchun, Grigory"]
[Result "1-0"]
[WhiteElo "2207"]
[BlackElo "2394"]
[PlyCount "79"]
[EventDate "2018.10.27"]
[EventType "swiss"]
[EventCountry "RUS"]
[WhiteTeam "Russland"]
[BlackTeam "Russland"]
[WhiteTeamCountry "RUS"]
[BlackTeamCountry "RUS"]

1. e4 e5 2. Nf3 Nc6 3. d4 exd4 4. c3 dxc3 5. Bc4 d6 6. Nxc3 Nf6 7. Qb3 Qd7 8. Ng5 Ne5 9. Bb5 c6 10. f4 cxb5 11. fxe5 dxe5 12. Be3 a5 13. O-O a4 14. Qxb5 Bd6 15. Qe2 Ra6 16. Rac1 h6 17. Rxf6 hxg5 18. Nd5 Rc6 19. Rcf1 Rf8 20. Qh5 Qg4 21. Qh7 Be6 22. Qxg7 Bxd5 23. exd5 Rc2 24. R6f2 Rxf2 25. Bxf2 Qc4 26. Qxg5 Qxd5 27. Qg4 Qc6 28. Rd1 Kd8 29. Be3 Ke7 30. Qg7 Ke6 31. Bh6 Rc8 32. Rf1 f5 33. Qg6+ Kd5 34. Qf7+ Kd4 35. Rd1+ Ke4 36. Re1+ Kd4 37. Be3+ Ke4 38. Bc5+ Kf4 39. Rf1+ Ke4 40. Qc4# 1-0

[Event "Chigorin Memorial 2018"]
[Site "St. Petersburg"]
[Date "2018.10.30"]
[Round "4.26"]
[White "Aleksandrov, Aleksej"]
[Black "Rjabzev, Konstantin"]
[Result "1-0"]
[WhiteElo "2602"]
[BlackElo "2270"]
[Annotator "TA"]
[PlyCount "95"]
[EventDate "2018.10.27"]
[EventType "swiss"]
[EventCountry "RUS"]
[WhiteTeam "Weißrussland"]
[BlackTeam "Russland"]
[WhiteTeamCountry "BLR"]
[BlackTeamCountry "RUS"]

1. c4 e6 2. g3 d5 3. Bg2 Nf6 4. Nf3 Be7 5. O-O O-O 6. b3 c5 7. cxd5 exd5 8. d4 Nc6 9. Nc3 Ne4 10. Bb2 Bf6 11. Na4 Be6 12. Rc1 Qa5 13. dxc5 Bxb2 14. Nxb2 Qxa2 15. Na4 Qa3 16. Ne1 Nd4 17. Rb1 Qb4 18. Nd3 Qb5 19. Nf4 Qb4 20. e3 Nc6 21. Qc2 Ne5 22. Rfd1 Nf6 23. Qb2 Ng6 24. Rd4 Qb5 25. Nxd5 Nxd5 26. Bxd5 Bxd5 27. Rxd5 f6 28. Rbd1 Ne5 29. Kg2 Qc6 30. e4 Rae8 31. Nc3 f5 32. f4 Ng4 33. Qe2 Nf6 34. Rxf5 Kh8 35. Rd6 Qc8 36. Qd3 Ng8 37. Rxf8 Rxf8 38. Qd4 Qg4 39. h3 Qh5 40. Qd5 Qe8 41. Qe6 Qb8 42. e5 Nh6 43. Rd7 Nf5 44. Nd5 Qc8 45. b4 a5 46. g4 Nh4+ 47. Kg3 axb4 48. Qe7 1-0

[Event "Chigorin Memorial 2018"]
[Site "St. Petersburg"]
[Date "2018.10.30"]
[Round "4.27"]
[White "Askerov, Marat"]
[Black "Zontakh, Andrey"]
[Result "1-0"]
[WhiteElo "2265"]
[BlackElo "2507"]
[Annotator "TA"]
[PlyCount "87"]
[EventDate "2018.10.27"]
[EventType "swiss"]
[EventCountry "RUS"]
[WhiteTeam "Russland"]
[BlackTeam "Ukraine"]
[WhiteTeamCountry "RUS"]
[BlackTeamCountry "UKR"]

1. d4 Nf6 2. c4 e6 3. Nf3 d5 4. g3 Bb4+ 5. Bd2 Be7 6. Bg2 O-O 7. O-O c6 8. Qc2 Nbd7 9. Bf4 b6 10. Rd1 Bb7 11. Nc3 dxc4 12. Nd2 Nd5 13. Nxc4 Nxf4 14. gxf4 Qc7 15. f5 exf5 16. Qxf5 b5 17. Na5 g6 18. Qh3 b4 19. Ne4 Rad8 20. Nxb7 Qxb7 21. Rac1 Qa6 22. Qd3 Qxa2 23. Ra1 Qe6 24. Rxa7 Rfe8 25. e3 Qf5 26. Qb3 c5 27. d5 Bh4 28. Ng3 Qf6 29. Qc2 Qb6 30. Rda1 Bxg3 31. hxg3 Qd6 32. R1a6 Qe5 33. Rb7 h5 34. Raa7 Qd6 35. Qa4 Nb6 36. Qb5 Nc8 37. Ra8 Qf8 38. Qa6 Nd6 39. Rxd8 Rxd8 40. Rc7 c4 41. Rc6 Qe7 42. Qb6 b3 43. Bf1 Qe5 44. Qxd8+ 1-0

[Event "Chigorin Memorial 2018"]
[Site "St. Petersburg"]
[Date "2018.10.30"]
[Round "4.28"]
[White "Gagare, Shardul"]
[Black "Tsvetkov, Andrey"]
[Result "1-0"]
[WhiteElo "2501"]
[BlackElo "2264"]
[Annotator "TA"]
[PlyCount "47"]
[EventDate "2018.10.27"]
[EventType "swiss"]
[EventCountry "RUS"]
[WhiteTeam "Indien"]
[BlackTeam "Russland"]
[WhiteTeamCountry "IND"]
[BlackTeamCountry "RUS"]

1. Nf3 d5 2. c4 c6 3. g3 Nf6 4. Bg2 Bg4 5. Ne5 Be6 6. cxd5 cxd5 7. Nc3 Nbd7 8. d4 a6 9. Qb3 b5 10. O-O Rc8 11. Nxd7 Qxd7 12. a4 Ne4 13. axb5 Nxc3 14. bxc3 Qxb5 15. Qxb5+ axb5 16. Bd2 Bg4 17. Bxd5 Bxe2 18. Rfe1 Bd3 19. Ra7 Bf5 20. Bb7 Rc7 21. Bf4 Rxc3 22. Ra8+ Kd7 23. d5 e5 24. Bxe5 1-0

[Event "Chigorin Memorial 2018"]
[Site "St. Petersburg"]
[Date "2018.10.30"]
[Round "4.29"]
[White "Khusenkhojaev, Mustafokhuja"]
[Black "Kabanov, Nikolai"]
[Result "1/2-1/2"]
[WhiteElo "2229"]
[BlackElo "2481"]
[Annotator "TA"]
[PlyCount "88"]
[EventDate "2018.10.27"]
[EventType "swiss"]
[EventCountry "RUS"]
[WhiteTeam "Tadschikistan"]
[BlackTeam "Russland"]
[WhiteTeamCountry "TJK"]
[BlackTeamCountry "RUS"]

1. d4 Nf6 2. Nf3 g6 3. c4 Bg7 4. g3 O-O 5. Bg2 d6 6. O-O a6 7. Nc3 Nc6 8. Bf4 Bd7 9. Rc1 Nh5 10. Be3 e5 11. dxe5 dxe5 12. Bc5 Re8 13. e4 Qc8 14. Nd5 Nf6 15. Qc2 Bg4 16. b4 Nd7 17. Be3 Nf8 18. b5 Bxf3 19. Bxf3 Nd4 20. Bxd4 exd4 21. b6 c6 22. Nc7 h5 23. Bg2 h4 24. Rcd1 Qg4 25. f3 Qh5 26. Nxa8 Rxa8 27. f4 Qc5 28. Qd3 hxg3 29. hxg3 Qxb6 30. e5 Rd8 31. Rb1 Qc7 32. Bh3 Nd7 33. Qxd4 Nxe5 34. Qb6 Qxb6+ 35. Rxb6 Nxc4 36. Rxb7 Rd2 37. Re1 Bd4+ 38. Kh1 Ne3 39. Re7 Rd3 40. Rb1 Nd5 41. Re8+ Kg7 42. Rb7 Rd1+ 43. Kh2 Rd2+ 44. Kh1 Rd1+ 1/2-1/2

[Event "Chigorin Memorial 2018"]
[Site "St. Petersburg"]
[Date "2018.10.30"]
[Round "4.30"]
[White "Bhambure, Shantanu"]
[Black "Duzhakov, Ilya"]
[Result "1-0"]
[WhiteElo "2243"]
[BlackElo "2414"]
[Annotator "TA"]
[PlyCount "115"]
[EventDate "2018.10.27"]
[EventType "swiss"]
[EventCountry "RUS"]
[WhiteTeam "Indien"]
[BlackTeam "Russland"]
[WhiteTeamCountry "IND"]
[BlackTeamCountry "RUS"]

1. d4 Nf6 2. c4 g6 3. Nc3 d5 4. e3 Bg7 5. Qb3 e6 6. Qa3 Nc6 7. Nf3 Ne7 8. Be2 O-O 9. O-O c6 10. b4 a6 11. Bb2 Re8 12. Rfd1 b6 13. Qb3 Rb8 14. Rac1 Nf5 15. Ne5 Bb7 16. c5 b5 17. Nf3 Qc7 18. Qc2 Ng4 19. Nb1 e5 20. dxe5 Nxe5 21. Nxe5 Bxe5 22. Bxe5 Rxe5 23. Bd3 Rbe8 24. Nd2 Ng7 25. e4 Rh5 26. g3 Bc8 27. Be2 Rhe5 28. f4 Rxe4 29. Nxe4 Rxe4 30. Qd2 a5 31. a3 axb4 32. axb4 Bf5 33. Bd3 Re8 34. Re1 Rd8 35. Re2 Qd7 36. Rce1 Be6 37. Re5 Ra8 38. Qf2 Ra3 39. Qd4 h5 40. Ra1 Qa7 41. Ree1 Kh7 42. Qb2 Rxa1 43. Qxa1 Qd7 44. Qe5 Bf5 45. Bxf5 Nxf5 46. Qe8 Qxe8 47. Rxe8 Kg7 48. Kf2 Nd4 49. Re3 Kf6 50. Rc3 Kf5 51. Ke3 Ne6 52. Ra3 Kf6 53. Ra6 Nd8 54. Ra7 Ne6 55. Rd7 Kf5 56. Rxf7+ Kg4 57. Rf6 d4+ 58. Ke4 1-0

[Event "Chigorin Memorial 2018"]
[Site "St. Petersburg"]
[Date "2018.10.30"]
[Round "4.32"]
[White "Vlasenko, Miroslav"]
[Black "Emeljanov, Alexander"]
[Result "1/2-1/2"]
[WhiteElo "2411"]
[BlackElo "2244"]
[Annotator "TA"]
[PlyCount "99"]
[EventDate "2018.10.27"]
[EventType "swiss"]
[EventCountry "RUS"]
[WhiteTeam "Russland"]
[BlackTeam "Russland"]
[WhiteTeamCountry "RUS"]
[BlackTeamCountry "RUS"]

1. d4 Nf6 2. c4 c6 3. Nc3 d5 4. Nf3 dxc4 5. a4 Bf5 6. Ne5 Nbd7 7. Nxc4 Qc7 8. g3 e5 9. dxe5 Nxe5 10. Bf4 Nfd7 11. Bg2 f6 12. O-O Be6 13. Nxe5 Nxe5 14. Qc2 Qa5 15. Ne4 Be7 16. Bd2 Qc7 17. Nc5 Bxc5 18. Qxc5 Qe7 19. Qxe7+ Kxe7 20. a5 a6 21. Bc3 Rhd8 22. Be4 h6 23. Bc2 c5 24. f3 Nc6 25. Kf2 Nd4 26. Be4 Bd5 27. Bxd4 cxd4 28. Bd3 Rac8 29. Rfd1 Bc6 30. Rd2 Rd6 31. Rc1 Rcd8 32. b4 Kd7 33. Rc5 Kc7 34. Be4 Kb8 35. Bxc6 Rxc6 36. Rxc6 bxc6 37. e4 dxe3+ 38. Kxe3 Rxd2 39. Kxd2 Kc7 40. Kd3 Kd6 41. Kd4 h5 42. f4 g6 43. h3 g5 44. h4 gxh4 45. gxh4 f5 46. Kc4 Kd7 47. Kd3 Ke6 48. Kc4 Kd7 49. Kc5 Kc7 50. Kc4 1/2-1/2

[Event "Chigorin Memorial 2018"]
[Site "St. Petersburg"]
[Date "2018.10.30"]
[Round "4.33"]
[White "Nebolsina, Vera"]
[Black "Sadovsky, Artem"]
[Result "1/2-1/2"]
[WhiteElo "2220"]
[BlackElo "2408"]
[PlyCount "99"]
[EventDate "2018.10.27"]
[EventType "swiss"]
[EventCountry "RUS"]
[WhiteTeam "Russland"]
[BlackTeam "Russland"]
[WhiteTeamCountry "RUS"]
[BlackTeamCountry "RUS"]

1. e4 d5 2. exd5 Qxd5 3. Nc3 Qa5 4. g3 Nf6 5. Bg2 c6 6. Nge2 h5 7. h4 Bg4 8. d3 Nbd7 9. Qd2 e5 10. O-O Be7 11. Re1 Qb6 12. a3 O-O 13. Nd1 Rad8 14. Ne3 Be6 15. Nc3 Ng4 16. Qe2 f5 17. Nxg4 hxg4 18. Be3 Qc7 19. d4 e4 20. Bf4 Bd6 21. Bxd6 Qxd6 22. Qe3 Nb6 23. Ne2 Bc4 24. Rad1 Nd5 25. Qg5 Bxe2 26. Rxe2 b5 27. c4 bxc4 28. Rc2 c3 29. bxc3 Qxa3 30. Bf1 Qb3 31. Ra1 Rd7 32. Rca2 Qxc3 33. Qg6 Qxd4 34. Qxc6 Rff7 35. Bc4 Kh7 36. h5 e3 37. fxe3 Qxe3+ 38. Kh2 Qe5 39. Re2 Qd6 40. Qxd6 Rxd6 41. Rd2 Ne3 42. Rxd6 Nxc4 43. Rda6 Re7 44. R1a2 Ne5 45. Rxa7 Nf3+ 46. Kg2 Rxa7 47. Rxa7 Kh6 48. Rf7 g6 49. hxg6 Kxg6 50. Rc7 1/2-1/2

[Event "Chigorin Memorial 2018"]
[Site "St. Petersburg"]
[Date "2018.10.30"]
[Round "4.34"]
[White "Smirnov, Artem"]
[Black "Pogorelskikh, Sergey"]
[Result "1/2-1/2"]
[WhiteElo "2405"]
[BlackElo "2224"]
[PlyCount "67"]
[EventDate "2018.10.27"]
[EventType "swiss"]
[EventCountry "RUS"]
[WhiteTeam "Russland"]
[BlackTeam "Russland"]
[WhiteTeamCountry "RUS"]
[BlackTeamCountry "RUS"]

1. d4 Nf6 2. c4 g6 3. Nc3 Bg7 4. e4 d6 5. Bd3 O-O 6. Nge2 Nc6 7. f3 Nh5 8. Be3 e5 9. d5 Nd4 10. O-O c5 11. Rb1 f5 12. exf5 gxf5 13. b4 b6 14. Qd2 Kh8 15. Kh1 Rg8 16. Bg1 Qf6 17. bxc5 bxc5 18. g4 Bh6 19. Be3 Nf4 20. Nxf4 exf4 21. Bxf4 fxg4 22. Bxh6 g3 23. hxg3 Rxg3 24. Qf4 Rh3+ 25. Kg2 Qxh6 26. Qxh6 Rxh6 27. Rh1 Rxh1 28. Rxh1 Bf5 29. Be4 Kg7 30. Rb1 Kf6 31. Rb7 Rg8+ 32. Kf2 Rg7 33. Rb8 h5 34. Rh8 1/2-1/2